Májové růže : strach nebyl ještě nikdy tak fascinující /

Hlavní autor: Hutchison, Dot
Další autoři: Engelthaler Neumanová, Olga, 1980-, Mazal, Petr, Podzimková, Eva, 1990-, Písařík, Martin, 1979-
Jazyk: Čeština
Vydáno: Praha : XYZ, [2019]
Témata:
Fyzický popis: 1 audiodisk (10 hod., 32 min., 55 sek.) ; 12 cm
Zvukové nahrávky
Uloženo v:
LEADER 02157nim a2200577 i 4500
001 001717036
003 CZ BrMZK
005 20191218122423.0
007 sd fungnnmmned
008 191115t20192019xr ||nng f n cze
015 |a cnb003101927 
024 3 |a 8594050427389 
040 |a BOA001  |b cze  |e rda 
041 1 |d cze  |h eng 
072 7 |a 821.111(73)-3  |x Americká próza  |2 Konspekt  |9 25 
080 |a 821.111(73)-31  |2 MRF 
080 |a (0:82-312.4)  |2 MRF 
080 |a (086.7)08  |2 MRF 
080 |a (086.76)  |2 MRF 
100 1 |a Hutchison, Dot  |7 osa2017964449  |4 aut 
240 1 0 |a Roses of May.  |l Česky 
245 1 0 |a Májové růže :  |b strach nebyl ještě nikdy tak fascinující /  |c Dot Hutchisonová ; z anglického originálu The rose of May přeložila Olga Engelthaler Neumanová 
264 1 |a Praha :  |b XYZ,  |c [2019] 
264 4 |c ℗2019 
300 |a 1 audiodisk (10 hod., 32 min., 55 sek.) ;  |c 12 cm 
306 |a 103255 
336 |a mluvené slovo  |b spw  |2 rdacontent 
337 |a audio  |b s  |2 rdamedia 
338 |a audiodisk  |b sd  |2 rdacarrier 
344 |a digital  |b optical  |2 rda 
347 |a audio soubor  |b MP3  |2 rda 
500 |a Název z disku 
500 |a Copyright Albatros Media 
500 |a Podle stejnojmenné knihy vydané nakladatelstvím XYZ v roce 2018 
500 |a Nezkrácená audiokniha ve formátu mp3 CD 
508 |a Režie Petr Mazal 
511 0 |a Čtou Eva Josefíková a Martin Písařík 
518 |o Nahráno  |d únor 2019  |p studio S Pro Alfa CZ 
655 7 |a americké romány  |7 fd131796  |2 czenas 
655 7 |a detektivní romány  |7 fd132010  |2 czenas 
655 7 |a thrillery (romány)  |7 fd184206  |2 czenas 
655 7 |a audioknihy  |7 fd119452  |2 czenas 
655 7 |a kompaktní disky  |7 fd201991  |2 czenas 
700 1 |a Engelthaler Neumanová, Olga,  |d 1980-  |7 xx0039612  |4 trl 
700 1 |a Mazal, Petr  |4 drt 
700 1 |a Podzimková, Eva,  |d 1990-  |7 xx0146072  |4 nrt 
700 1 |a Písařík, Martin,  |d 1979-  |7 pna2008467011  |4 nrt 
910 |a BOA001  |b CDR-1440.077 
990 |a AV 
991 |b 201912  |c NOV 
996 6 |b 2610806179  |c CDR-1440.077  |l MZK  |r Sklad / do 24 hodin  |n 0  |p p.v.  |w 001768466  |u 000010  |a 1  |e BOA001  |j MZK50  |s P